La enseñanza como actividad crítica / (Registro nro. 10331)

Detalles MARC
000 -LIDER
fixed length control field 00840nam a22002777a 4500
001 - NÚMERO DE CONTROL
Identificador de número de control 01231
003 - IDENTIFICACDOR DE NÚMERO DE CONTROL
control field DO-SdBNP
005 - DATE AND TIME OF LATEST TRANSACTION
control field 20171109113217.0
006 - DATOS DE LONGITUD FIJA / CARACTERÍSTICAS ADICIONALES MATERIAL CHARACTERISTICS
fixed length control field 01231
008 - ELEMENTOS DE LONGITUD FIJA
fixed length control field 160609b 1975 sp |||| 00| 0 spa d
020 ## - ISBN
International Standard Book Number 8424403045
040 ## - FUENTE DE CATALOGACIÓN
Agencia que crea de manera original el registro BPMSU
Idioma de catalogación spa
Agencia que realiza la transcripción BPMSU
082 #4 - NÚMERO DE CLASIFICACIÓN DECIMAL DE DEWEY
Classification number 370.973
Item number P858e, 1975
100 1# - ASIENTO PRINCIPAL -- NOMBRE PERSONAL
Nombre personal Postman, Neil
245 13 - MENCIÓN DE TITULO
Título La enseñanza como actividad crítica /
Mención de responsabilidad Neil Postman, Charles Weingartner
250 ## - MENCIÓN DE EDICION
Mención de edición 2a. ed.
260 0# - PUBLICACIÓN, DISTRIBUCIÓN, ETC. (PIE DE IMPRENTA)
Lugar de publicación, distribución, etc Barcelona :
Nombre del editor, distribuidor, etc. Fontanella ,
Fecha de publicación, distribución, etc 1975
300 ## - DESCRIPCIÓN FÍSICA
Extensión 240 p. ;
Dimensiones 22 cm
490 1# - MENCIÓN DE SERIES
Mención de serie Libros de Confrontación .
-- Pedagógica ;
Volume/sequential designation 2
700 ## - ASIENTO SECUNDARIO -- NOMBRE PERSONAL
Nombre personal Weingartner, Charles
830 #0 - ASIENTO SECUNDARIO DE SERIE--TÍTULO UNIFORME
Título uniforme Libros de Confrontación .
Nombre de la parte o sección de una obra Pedagógica ;
Volume number/sequential designation 2
910 ## - VALIDACIÓN
Validación Validado. Control de calidad MFF
942 ## - ADDED ENTRY ELEMENTS (KOHA)
Source of classification or shelving scheme Dewey Decimal Classification
Koha item type Libros
945 ## - INFORMACIÓN DE PROCESAMIENTO LOCAL
Información de procesamiento local Inventariado, 2017/MFF
956 ## - LOCAL ELECTRONIC LOCATION AND ACCESS (OCLC)
Método de acceso VMATEO
Nombre de host 10
Número de acceso 20160509
Información de compresión BPMSU
Trayectoria 0069
Existencias
Withdrawn status Lost status Source of classification or shelving scheme Damaged status Not for loan Collection code Home library Current library Date acquired Source of acquisition Total Checkouts Full call number Barcode Date last seen Price effective from Koha item type
    Dewey Decimal Classification     Colección General Biblioteca Pública Metropolitana Salomé Ureña Biblioteca Pública Metropolitana Salomé Ureña 06/09/2016 FUNDI   370.973 P858e, 1975 BPMSU16100443 06/09/2016 06/09/2016 Libros